Business ethics in construction industry /

Salvato in:
Dettagli Bibliografici
Autore principale: Jankovichová, Eva, 1956- (Autore)
Altri autori: Shawkat, Sabah (Revisore), Šindler, Jakub (Revisore), Nguyen Tien, Minh, 1988- (Revisore)
Natura: Libro
Lingua:inglese
Pubblicazione: Brno : Tribun EU, 2016
Edizione:1. vyd.
Soggetti:
Tags: Aggiungi Tag
Nessun Tag, puoi essere il primo ad aggiungerne!!

MARC

LEADER 00000nam a22000003a 4500
001 0019966
003 SK-STU
005 20220221133416.5
007 ta
008 161215s -------||||||||||-|||-||----d
020 |a 978-80-263-1146-1 
041 0 |a eng 
044 |a xr 
100 1 |4 aut  |a Jankovichová, Eva,  |d 1956-  |u 010270  |r Z1  |9 100  |U SvF Stavebná fakulta  |T SvF Katedra technológie stavieb  |X 647  |U V270  |Y 28  |7 A000000647 
242 0 0 |a Etika podnikania v stavebníctve  |y slo 
245 1 0 |a Business ethics in construction industry /  |c aut. Eva Jankovichová ; rec. Sabah Shawkat, Jakub Šindler, Minh Tien Nguyen 
250 |a 1. vyd. 
260 |a Brno :  |b Tribun EU,  |c 2016 
300 |a 95 s. 
650 |a business ethics 
650 |a corporate culture 
650 |a construction ethics 
700 1 |a Shawkat, Sabah  |4 rev 
700 1 |a Šindler, Jakub  |4 rev 
700 1 |a Nguyen Tien, Minh,  |d 1988-  |u 010270  |r Z3  |4 rev  |U SvF Stavebná fakulta  |T SvF Katedra technológie stavieb  |X 67200  |U V270  |Y 28  |7 A000067200 
996 |b 284V040195  |c V* 52424/O-23581  |l VVT  |s A  |a 24  |w 0019966_0001 
996 |b 284V040196  |c V* 52425/O-23582  |l VVS  |s A  |a 24  |w 0019966_0002 
996 |b 284AU07697  |c A* 10946/U  |l AAKNAR  |s A  |a 24  |w 0019966_0003 
996 |b 284AU07698  |c A* 10947/U  |l AAKNAR  |s A  |a 24  |w 0019966_0004